Pět kroků chronologického postupu ergonomického zkoumání a hodnocení v rámci pracovního systému

Enregistré dans:
Détails bibliographiques
Auteur principal: Král, Miroslav (Créateur)
Format: Livre
Langue:tchèque
Publié: Praha : Výzkumný ústav bezpečnosti práce, 2002
Édition:1. vyd
Collection:Bezpečný podnik
Sujets:
Tags: Ajouter un tag
Pas de tags, Soyez le premier à ajouter un tag!

MARC

LEADER 00000nam a22000003a 4500
001 stu116131
005 20150617225910.2
008 060410s2002----xr------------------cze-d
040 |a STU  |b slo 
041 0 |a cze 
044 |a xr 
080 |a 658 
080 |a 331.45 
100 1 |a Král, Miroslav  |4 cre 
245 1 |a Pět kroků chronologického postupu ergonomického zkoumání a hodnocení v rámci pracovního systému 
250 |a 1. vyd 
260 |a Praha :  |b Výzkumný ústav bezpečnosti práce,  |c 2002 
300 |a 27 s 
650 7 |a BOZP  |2 stusub 
830 0 |a Bezpečný podnik 
996 |b 284M072832  |c M*B-415  |l MMKN  |s A  |a 24  |w stu116131_0001